[Event "Donner Memorial"]
[Site "Amsterdam NED"]
[Date "1996.08.17"]
[Round "1"]
[White "DeFirmian,N"]
[Black "Sokolov,I"]
[Result "1-0"]
[WhiteTitle "GM"]
[WhiteElo "2575"]
[WhiteCountry "USA"]
[BlackTitle "GM"]
[BlackElo "2670"]
[BlackCountry "BIH"]

1. e4 e5 2. Nf3 Nc6 3. Bb5 a6 4. Ba4 Nf6 5. O-O Be7 6. Re1 b5 7. Bb3 O-O 8. a4
d5 9. Bxd5 Nxd5 10. exd5 Nd4 11. Nxd4 exd4 12. axb5 Bb7 13. c4 dxc3ep 14.
dxc3 axb5 15. Rxa8 Bxa8 16. Qd3 Bxd5 17. Qxb5 Bd6 18. Nd2 Qa8 19. f3 Qa7+ 20.
Kh1 Qf2 21. Qe2 Qh4 22. Nf1 h6 23. Be3 Re8 24. Qd2 Qh5 25. Bf2 Rxe1 26. Qxe1
f5 27. Bg3 f4 28. Bf2 Qf5 29. Qd1 Bc4 30. Kg1 Bd3 31. Nd2 Kh7 32. h3 Qb5 33.
b3 Qe5 34. Bd4 Bc5 35. Ne4 Bxd4+ 36. cxd4 Qb5 37. Nc5 Bf5 38. Qe1 Bc2 39. Qc1
Qe2 40. Qxf4 1-0

[Event "Donner Memorial"]
[Site "Amsterdam NED"]
[Date "1996.08.17"]
[Round "1"]
[White "Adianto,U"]
[Black "Timman,J"]
[Result "1-0"]
[WhiteTitle "GM"]
[WhiteElo "2605"]
[WhiteCountry "INA"]
[BlackTitle "GM"]
[BlackElo "2590"]
[BlackCountry "NED"]

1. d4 Nf6 2. c4 e6 3. Nf3 b6 4. Nc3 Bb4 5. Bg5 Bb7 6. e3 h6 7. Bh4 g5 8. Bg3
Ne4 9. Qc2 Bxc3+ 10. bxc3 d6 11. Bd3 f5 12. d5 Qf6 13. Bxe4 fxe4 14. Qxe4
Qxc3+ 15. Ke2 Qb2+ 16. Nd2 Qf6 17. h4 g4 18. h5 Nd7 19. Bh4 Qf5 20. Qxe6+
Qxe6 21. dxe6 Nc5 22. e7 Kf7 23. f3 Rag8 24. Rhg1 gxf3+ 25. gxf3 Nd7 26. f4
Nf6 27. Bxf6 Kxf6 28. Rxg8 Rxg8 29. Rg1 Rh8 30. e8=Q Rxe8 31. Rg6+ Kf5 32.
Rxh6 d5 33. cxd5 Bxd5 34. a3 a5 35. Rg6 c6 36. Nf3 b5 37. Rg5+ Kf6 38. Ne5 b4
39. axb4 a4 40. Nxc6 Bc4+ 41. Kd2 a3 42. Ra5 a2 43. Nd4 Bd5 44. Nc2 Rc8 45.
b5 1-0

[Event "Donner Memorial"]
[Site "Amsterdam NED"]
[Date "1996.08.18"]
[Round "2"]
[White "Hodgson,J"]
[Black "Adianto,U"]
[Result "1-0"]
[WhiteTitle "GM"]
[WhiteElo "2550"]
[WhiteCountry "ENG"]
[BlackTitle "GM"]
[BlackElo "2605"]
[BlackCountry "INA"]

1. d4 d5 2. Bg5 h6 3. Bh4 c6 4. Nf3 Qb6 5. b3 Bf5 6. e3 e6 7. Bd3 Bxd3 8. Qxd3
Nd7 9. O-O Be7 10. Bxe7 Nxe7 11. c4 O-O 12. Nc3 Qa6 13. Rfd1 Nb6 14. Rdc1
dxc4 15. Qf1 Nd7 16. bxc4 c5 17. d5 Rad8 18. Rab1 exd5 19. cxd5 Qxf1+ 20.
Kxf1 b6 21. a4 f5 22. a5 Nc8 23. Nb5 bxa5 24. Nc7 Rf7 25. Rb5 Ncb6 26. Rxa5
Nf6 27. Rcxc5 Rdd7 28. Rxa7 Nfxd5 29. Nxd5 Rxd5 30. Rcc7 Rxc7 31. Rxc7 Nd7
32. Nd4 Nf6 33. Ra7 g6 34. h4 f4 35. Nc6 Rd7 36. Rxd7 Nxd7 37. exf4 Nc5 38.
Ke2 Kg7 39. Nd4 Nb7 40. g4 Nd6 41. Kf3 h5 42. g5 Kf7 43. f5 gxf5 44. Kf4 Kg6
45. f3 Nb7 46. Nxf5 Nc5 47. Nd4 Nd3+ 48. Kg3 1-0

[Event "Donner Memorial"]
[Site "Amsterdam NED"]
[Date "1996.08.18"]
[Round "2"]
[White "Timman,J"]
[Black "Piket,J"]
[Result "0-1"]
[WhiteTitle "GM"]
[WhiteElo "2590"]
[WhiteCountry "NED"]
[BlackTitle "GM"]
[BlackElo "2580"]
[BlackCountry "NED"]

1. e4 d5 2. exd5 Qxd5 3. Nc3 Qa5 4. d4 Nf6 5. Nf3 Bf5 6. Bc4 e6 7. Bd2 c6 8.
Qe2 Bb4 9. a3 Nbd7 10. Nh4 Bxc2 11. O-O Bxc3 12. Bxc3 Qh5 13. Qxc2 Qxh4 14.
f4 Nb6 15. Ba6 bxa6 16. Be1 Qh5 17. Qxc6+ Nfd7 0-1

[Event "Donner Memorial"]
[Site "Amsterdam NED"]
[Date "1996.08.19"]
[Round "3"]
[White "Van Wely,L"]
[Black "Sokolov,I"]
[Result "1/2-1/2"]
[WhiteTitle "GM"]
[WhiteElo "2610"]
[WhiteCountry "NED"]
[BlackTitle "GM"]
[BlackElo "2670"]
[BlackCountry "BIH"]

1. c4 e5 2. Nc3 Nc6 3. e3 Nf6 4. a3 d6 5. b4 g6 6. Bb2 Bg7 7. d3 O-O 8. Qc2
Re8 9. Nge2 Ne7 10. Ne4 Nd7 11. g3 f5 12. N4c3 Nf6 13. Bg2 c6 14. O-O g5 15.
b5 c5 16. Qd2 Rb8 17. f4 gxf4 18. exf4 Be6 19. Nd1 e4 20. Nec3 exd3 21. Qxd3
d5 22. Nxd5 Nfxd5 23. Bxg7 Nxf4 24. Qxd8 Rbxd8 25. Rxf4 Kxg7 26. Ne3 b6 27.
Re1 Ng6 28. Rff1 Rf8 29. Nd5 Rd6 30. Rf2 f4 31. gxf4 Bxd5 32. Bxd5 Rxf4 33.
Rxf4 Nxf4 34. Re7+ Kf6 35. Rxa7 Nxd5 36. cxd5 h6 37. a4 Ke5 38. a5 Kxd5 39.
Ra6 bxa5 40. Rxa5 Rb6 41. Kf2 Kc4 42. Kf3 Kb4 43. Ra1 Rxb5 44. Ke4 Ra5 45.
Rb1+ Kc3 46. Rc1+ Kd2 47. Rc4 h5 48. Kd5 Ke3 49. Rxc5 Rxc5+ 1/2-1/2

[Event "Donner Memorial"]
[Site "Amsterdam NED"]
[Date "1996.08.19"]
[Round "3"]
[White "Piket,J"]
[Black "Hodgson,J"]
[Result "1/2-1/2"]
[WhiteTitle "GM"]
[WhiteElo "2580"]
[WhiteCountry "NED"]
[BlackTitle "GM"]
[BlackElo "2550"]
[BlackCountry "ENG"]

1. d4 d5 2. c4 c6 3. Nc3 Nf6 4. Nf3 a6 5. c5 Nbd7 6. Bf4 Nh5 7. Bd2 g6 8. e4
dxe4 9. Nxe4 Ndf6 10. Nxf6+ Nxf6 11. Bc4 Bg7 12. Qb3 O-O 13. O-O Qc7 14. Rfe1
Bf5 15. Ne5 e6 16. h3 Be4 17. Bf4 Qc8 18. Nxf7 Rxf7 19. Rxe4 Nxe4 20. Bxe6
Qe8 21. Re1 Nxf2 22. Qxb7 Nxh3+ 23. gxh3 Bxd4+ 24. Kg2 Rd8 25. Bxf7+ 1/2-1/2

[Event "Donner Memorial"]
[Site "Amsterdam NED"]
[Date "1996.08.20"]
[Round "4"]
[White "Granda Zuniga,J"]
[Black "Piket,J"]
[Result "1-0"]
[WhiteTitle "GM"]
[WhiteElo "2610"]
[WhiteCountry "PER"]
[BlackTitle "GM"]
[BlackElo "2580"]
[BlackCountry "NED"]

1. d4 d5 2. c4 c6 3. Nc3 Nf6 4. Nf3 e6 5. g3 dxc4 6. Bg2 b5 7. a4 b4 8. Nb1
Nbd7 9. Bg5 Ba6 10. O-O Rc8 11. Nbd2 c3 12. bxc3 bxc3 13. Nb3 Bb4 14. Qc2 h6
15. Bc1 Qe7 16. Ne5 Nxe5 17. dxe5 Nd5 18. Nd4 O-O 19. Qe4 c5 20. Nb5 Rfd8 21.
Qg4 f5 22. exf6ep Nxf6 23. Qg6 Kh8 24. Bf4 e5 25. Be3 Bxb5 26. axb5 Rd6 27.
Ra6 Rcd8 28. Qf5 Rxa6 29. bxa6 e4 30. h4 Qd7 31. Bxe4 Nxe4 32. Qxe4 Re8 33.
Qc4 Qd6 34. Kh2 Re6 35. Ra1 Kh7 36. Bf4 Qc6 37. f3 Qd7 38. e4 Rb6 39. Be3 1-0

[Event "Donner Memorial"]
[Site "Amsterdam NED"]
[Date "1996.08.20"]
[Round "4"]
[White "Sokolov,I"]
[Black "Timman,J"]
[Result "1/2-1/2"]
[WhiteTitle "GM"]
[WhiteElo "2670"]
[WhiteCountry "BIH"]
[BlackTitle "GM"]
[BlackElo "2590"]
[BlackCountry "NED"]

1. d4 Nf6 2. c4 e6 3. Nc3 Bb4 4. Qc2 O-O 5. a3 Bxc3+ 6. Qxc3 b6 7. Bg5 Bb7 8.
e3 d6 9. Ne2 Nbd7 10. Qc2 c5 11. Nc3 cxd4 12. exd4 Qc7 13. Bd3 h6 14. Bh4
Rfc8 15. O-O d5 16. Bg3 Qc6 17. cxd5 Nxd5 18. Be4 N7f6 19. Nxd5 Qxc2 20.
Nxf6+ gxf6 21. Bxc2 Rxc2 22. b4 Rd8 1/2-1/2

[Event "Donner Memorial"]
[Site "Amsterdam NED"]
[Date "1996.08.22"]
[Round "5"]
[White "Timman,J"]
[Black "Hodgson,J"]
[Result "0-1"]
[WhiteTitle "GM"]
[WhiteElo "2590"]
[WhiteCountry "NED"]
[BlackTitle "GM"]
[BlackElo "2550"]
[BlackCountry "ENG"]

1. d4 d6 2. e4 Nf6 3. f3 d5 4. e5 Nfd7 5. Nc3 c5 6. Bg5 h6 7. Bh4 g5 8. Bg3
cxd4 9. Nb5 e6 10. f4 Qa5+ 11. Kf2 Nc6 12. Nf3 Nc5 13. Kg1 Ne4 14. Bd3 Bd7
15. Nd6+ Bxd6 16. exd6 Qc5 17. Qe2 O-O-O 18. Bxe4 dxe4 19. Qxe4 f5 20. Qe1
gxf4 21. Bxf4 e5 22. b4 Qd5 23. c4 dxc3ep 24. Bxe5 Rhe8 25. Qxc3 Rxe5 26.
Nxe5 Qxe5 27. Qxe5 Nxe5 28. Rd1 Bc6 29. b5 Be4 30. Kf2 Rg8 31. Rhg1 Kd7 32.
h3 Nd3+ 33. Ke3 Rg3+ 34. Kd4 Kxd6 35. Rd2 b6 36. Kc4 Bd5+ 37. Kc3 Ne5+ 38.
Kb2 Nc4+ 0-1

[Event "Donner Memorial"]
[Site "Amsterdam NED"]
[Date "1996.08.23"]
[Round "6"]
[White "Kamsky,G"]
[Black "Morozevich,A"]
[Result "1/2-1/2"]
[WhiteTitle "GM"]
[WhiteElo "2745"]
[WhiteCountry "USA"]
[BlackTitle "GM"]
[BlackElo "2610"]
[BlackCountry "RUS"]

1. e4 e6 2. d4 d5 3. Nc3 Nf6 4. e5 Nfd7 5. f4 c5 6. Nf3 Nc6 7. Be3 Be7 8. Be2
O-O 9. O-O a6 10. Qd2 b5 11. Nd1 b4 12. Nf2 a5 13. dxc5 Bxc5 14. Bxc5 Nxc5
15. Bd3 Ba6 16. Qe3 Bxd3 17. cxd3 Na4 18. Rab1 Ne7 19. Rfc1 Qd7 20. Nd4 Rfc8
21. Nd1 Rxc1 22. Rxc1 Rc8 23. Kf1 h5 24. Qd2 Qb7 25. Rxc8+ Qxc8 26. Ke2 Qc5
27. Qe3 Nc6 28. Nb3 Qc2+ 29. Qd2 Qb1 30. Qc1 Nd4+ 31. Kd2 Nxb3+ 32. axb3
Qxc1+ 33. Kxc1 Nc5 34. Kc2 Kh7 35. d4 Ne4 36. Ne3 h4 37. Kd3 Kg6 38. Ke2 Kh5
39. Ke1 g5 40. fxg5 Kxg5 41. Ke2 f6 42. exf6 Nxf6 43. Nf1 Kg4 44. Ke3 Ne4 45.
Nd2 Ng5 46. Nf1 Nf7 47. h3+ Kf5 48. Nh2 Nh8 49. Ng4 Ng6 50. Nh6+ Kf6 51. Kf3
Ne7 52. Kf4 e5+ 53. dxe5+ Ke6 54. g4 hxg3ep 55. Kxg3 Nc6 56. Ng4 Nd4 57. h4
Nxb3 58. h5 Nc5 59. h6 Kf7 60. Ne3 1/2-1/2

[Event "Donner Memorial"]
[Site "Amsterdam NED"]
[Date "1996.08.24"]
[Round "7"]
[White "Piket,J"]
[Black "Van Wely,L"]
[Result "1/2-1/2"]
[WhiteTitle "GM"]
[WhiteElo "2580"]
[WhiteCountry "NED"]
[BlackTitle "GM"]
[BlackElo "2610"]
[BlackCountry "NED"]

1. d4 Nf6 2. c4 g6 3. Nc3 Bg7 4. e4 d6 5. f3 O-O 6. Bg5 c5 7. d5 e6 8. Qd2
exd5 9. cxd5 h6 10. Bxh6 Nxe4 11. Nxe4 Qh4+ 12. g3 Qxh6 13. Qxh6 Bxh6 14.
Nxd6 Nd7 15. f4 Nf6 16. O-O-O Rd8 17. Nxc8 Raxc8 18. Bg2 Ng4 19. Bh3 Nf2 20.
Bxc8 Nxd1 21. Kxd1 Rxc8 22. Ne2 Rd8 23. Nc3 Bg7 24. Kc2 Bxc3 25. bxc3 Rxd5
26. a4 g5 27. Rd1 Rxd1 28. Kxd1 g4 29. Ke2 a6 30. Kd3 b5 31. axb5 axb5 32.
Ke4 Kf8 33. Kd5 b4 34. cxb4 cxb4 35. Kc4 Ke7 36. Kxb4 Kd6 37. Kc4 f6 38. Kd4
f5 39. Ke3 Ke7 40. Kf2 Kf6 41. Kf1 Kf7 42. Kg2 Kg6 43. h4 gxh3ep+ 44. Kxh3
Kh5 45. g4+ fxg4+ 46. Kg3 Kg6 47. Kxg4 Kf6 1/2-1/2

[Event "Donner Memorial"]
[Site "Amsterdam NED"]
[Date "1996.08.24"]
[Round "7"]
[White "Adianto,U"]
[Black "Salov,V"]
[Result "1/2-1/2"]
[WhiteTitle "GM"]
[WhiteElo "2605"]
[WhiteCountry "INA"]
[BlackTitle "GM"]
[BlackElo "2675"]
[BlackCountry "RUS"]

1. d4 Nf6 2. c4 e6 3. g3 d5 4. Bg2 Bb4+ 5. Bd2 Be7 6. Nf3 O-O 7. O-O c6 8. Qc2
b6 9. Bg5 Nbd7 10. Nbd2 Bb7 11. e4 h6 12. Bxf6 Nxf6 13. e5 Nd7 14. cxd5 cxd5
15. Rfc1 Rc8 16. Qd1 Nb8 17. Bf1 Qd7 18. a3 Bc6 19. Bd3 Ba4 20. Qf1 Rxc1 21.
Rxc1 Rc8 22. Rxc8+ Qxc8 23. h4 Be8 24. Kg2 Nc6 25. Bb1 f5 26. exf6ep Bxf6 27.
Qd3 Kf8 28. Qe3 Bh5 29. Bd3 Ke7 30. b4 Qc7 31. Bf5 Qd6 32. Bh3 Bxf3+ 33. Nxf3
b5 34. g4 g5 35. hxg5 hxg5 36. Nxg5 Bxd4 37. Qd3 Qf4 38. Qh7+ Kd6 39. Nf7+
Kc7 40. Ne5+ Kb6 41. Nd7+ Ka6 42. Qc2 Kb7 43. Nc5+ Bxc5 44. Qxc5 Nd4 45. Qe7+
Kb6 46. Qd8+ Kb7 47. Qe7+ Kb6 48. Qd8+ 1/2-1/2

[Event "Donner Memorial"]
[Site "Amsterdam NED"]
[Date "1996.08.25"]
[Round "8"]
[White "Ivanchuk,V"]
[Black "Adianto,U"]
[Result "1/2-1/2"]
[WhiteTitle "GM"]
[WhiteElo "2730"]
[WhiteCountry "UKR"]
[BlackTitle "GM"]
[BlackElo "2605"]
[BlackCountry "INA"]

1. Nf3 Nf6 2. c4 e6 3. Nc3 Bb4 4. g3 b6 5. Bg2 Bb7 6. O-O O-O 7. Qc2 c5 8. a3
Bxc3 9. Qxc3 d5 10. b4 Nbd7 11. d3 Rc8 12. Bb2 Re8 13. cxd5 exd5 14. Qd2 d4
15. Rfe1 Ne5 16. Nxe5 Bxg2 17. Kxg2 Rxe5 18. bxc5 bxc5 19. e4 dxe3ep 20. Rxe3
Qd5+ 21. Kg1 Rxe3 22. Qxe3 Re8 23. Qf4 Nd7 24. Qg4 1/2-1/2

[Event "Donner Memorial"]
[Site "Amsterdam NED"]
[Date "1996.08.27"]
[Round "9"]
[White "Adianto,U"]
[Black "Sokolov,I"]
[Result "1/2-1/2"]
[WhiteTitle "GM"]
[WhiteElo "2605"]
[WhiteCountry "INA"]
[BlackTitle "GM"]
[BlackElo "2670"]
[BlackCountry "BIH"]

1. d4 Nf6 2. c4 g6 3. Nf3 Bg7 4. g3 c5 5. Bg2 Qa5+ 6. Bd2 Qb6 7. Bc3 Ne4 8.
O-O O-O 9. Qd3 Nxc3 10. Nxc3 d6 11. Nd5 Qd8 12. dxc5 dxc5 13. Qe3 e6 14. Nc3
Qe7 15. Nd5 Qd6 16. Nc3 Nc6 17. Ne4 Qc7 18. Qxc5 Bxb2 19. Rab1 Bg7 20. Rfd1
b6 21. Qd6 Qxd6 22. Rxd6 Na5 23. c5 Nc4 24. Rdd1 Bb7 25. Nfd2 Nb2 26. Rdc1
bxc5 27. Nc4 Bxe4 28. Bxe4 Nxc4 29. Rxc4 Rac8 30. Rb5 Rfd8 1/2-1/2

[Event "Donner Memorial"]
[Site "Amsterdam NED"]
[Date "1996.08.29"]
[Round "11"]
[White "Piket,J"]
[Black "Sokolov,I"]
[Result "1/2-1/2"]
[WhiteTitle "GM"]
[WhiteElo "2580"]
[WhiteCountry "NED"]
[BlackTitle "GM"]
[BlackElo "2670"]
[BlackCountry "BIH"]

1. d4 Nf6 2. c4 d6 3. Nc3 Bf5 4. g3 e5 5. Bg2 Nc6 6. d5 Nd4 7. e4 Bg4 8. f3
Bd7 9. Nge2 c5 10. dxc6ep Nxc6 11. Be3 Be7 12. O-O O-O 13. Qd2 a6 14. Rfd1
Na5 15. b3 b5 16. g4 h6 17. cxb5 axb5 18. Ng3 b4 19. Nd5 Nxd5 20. exd5 Rb8
21. Rac1 f5 22. gxf5 Bxf5 23. Nxf5 Rxf5 24. Bh3 Rxf3 25. Be6+ Kh7 26. Rf1
Rxf1+ 27. Rxf1 Bg5 28. Kh1 Bxe3 29. Qxe3 Nb7 30. Qa7 Qc7 31. Qg1 Qd8 32. Qa7
Qc7 33. Qg1 1/2-1/2